Lacko postupuje, Slovenky dohrali Ritro Slovak Open v tenise mužov a žien

Bibliographic Details
Format: Article
Language:Slovak
ISSN:0139-7001
Subjects:

MARC

LEADER 00000nab a2200000 ar4500
001 vtls010026740
003 SK-MaSNL
005 20260303045356.0
008 091201c20091120xo dr|n|||||||000 b|slo
015 |a SNKBUCL2009/12  |2 snkbucl 
038 |a SNKBUCL 
040 |a SNKBUCL  |b slo  |c SNKBUCL  |e AACR2 
041 0 |a slo 
044 |a xo  |c SK 
080 |a 796.342.093.1  |2 2001 
245 0 0 |a Lacko postupuje, Slovenky dohrali  |b Ritro Slovak Open v tenise mužov a žien 
611 2 7 |a Ritro Slovak Open  |d (2009 :  |c Bratislava, Slovensko)  |2 snkbucl  |9 1035711 
650 0 7 |a tenis  |2 snkbucl  |9 3293 
773 0 |t Šport  |g Roč. 63, č. 268 (20.11.2009), s. 44  |x 0139-7001 
852 |a SNK  |b KIS3GCP 
999 |c 1703542  |d 1705472